Welcome to CU Library Online Public Access Catalogue (OPAC)

Winningham and Preusser's Critical Thinking in Medical-Surgical Settings (Record no. 7867)

MARC details
000 -LEADER
fixed length control field 00507nam a22001577a 4500
005 - DATE AND TIME OF LATEST TRANSACTION
control field 20251028170217.0
008 - FIXED-LENGTH DATA ELEMENTS--GENERAL INFORMATION
fixed length control field 251028b |||||||| |||| 00| 0 eng d
020 ## - INTERNATIONAL STANDARD BOOK NUMBER
International Standard Book Number 9780323025669
050 ## - LIBRARY OF CONGRESS CALL NUMBER
Classification number RT55
Item number .W56
100 ## - MAIN ENTRY--PERSONAL NAME
Personal name Preusser, Barbara A.
245 ## - TITLE STATEMENT
Title Winningham and Preusser's Critical Thinking in Medical-Surgical Settings
Remainder of title a Case Study Approach
Statement of responsibility, etc. Barbara A. Preusser
250 ## - EDITION STATEMENT
Edition statement 3rd ed.
260 ## - PUBLICATION, DISTRIBUTION, ETC.
Place of publication, distribution, etc. St. Louis
Name of publisher, distributor, etc. Elsevier Mosby
Date of publication, distribution, etc. 2005
300 ## - PHYSICAL DESCRIPTION
Extent xviii. 696p.
Dimensions 27.5cm
942 ## - ADDED ENTRY ELEMENTS (KOHA)
Source of classification or shelving scheme Library of Congress Classification
Koha item type Books
Edition 3rd ed.
Suppress in OPAC No
999 ## -
-- 7867
-- 7867
Holdings
Withdrawn status Lost status Source of classification or shelving scheme Damaged status Not for loan Collection Home library Current library Shelving location Date acquired Total checkouts Full call number Barcode Date last seen Copy number Price effective from Koha item type
    Library of Congress Classification     Non-fiction Science Library (Miotso) Science Library (Miotso) General stacks 10/28/2025   RT55 .W56 PRE SLM00004744 10/28/2025 1 10/28/2025 Books
© 2023-2024 Copyright: Central University Libraries. All Rights Reserved | Created by: Mahone Tech Office